<?xml version="1.0" encoding="UTF-8"?>
<record
    xmlns:xsi="http://www.w3.org/2001/XMLSchema-instance"
    xsi:schemaLocation="http://www.loc.gov/MARC21/slim http://www.loc.gov/standards/marcxml/schema/MARC21slim.xsd"
    xmlns="http://www.loc.gov/MARC21/slim">

  <leader>02634nab a2200277uuc4500</leader>
  <controlfield tag="001">1529901</controlfield>
  <controlfield tag="005">20240220090315.0</controlfield>
  <controlfield tag="008">190716e20091205                    spa  </controlfield>
  <datafield tag="035" ind1=" " ind2=" ">
    <subfield code="a">1529901</subfield>
  </datafield>
  <datafield tag="040" ind1=" " ind2=" ">
    <subfield code="c">comduadb</subfield>
  </datafield>
  <datafield tag="041" ind1=" " ind2=" ">
    <subfield code="a">spa</subfield>
  </datafield>
  <datafield tag="100" ind1="1" ind2="0">
    <subfield code="a">Tovar Salazar, Diego Alejandro</subfield>
    <subfield code="4">aut</subfield>
    <subfield code="e">aut</subfield>
    <subfield code="9">791275</subfield>
  </datafield>
  <datafield tag="245" ind1="1" ind2="0">
    <subfield code="a">Transformada wavelet y m&#xE1;quinas de soporte vectorial para la identificaci&#xF3;n de arritmias</subfield>
  </datafield>
  <datafield tag="520" ind1="3" ind2=" ">
    <subfield code="a">Se presentan varios conjuntos de extracci&#xF3;n de caracter&#xED;sticas de latidos normales y latidos de cuatro tipos de arritmias card&#xED;acas, usando la transformada wavelet. Un grupo de conjuntos elegidos aleatoriamente, fueron utilizados para determinar los par&#xE1;metros &#xF3;ptimos de la funci&#xF3;n n&#xFA;cleo polinomial (C y d) y de la funci&#xF3;n n&#xFA;cleo de base radial (C y gamma), que arrojaran los mejores resultados de clasificaci&#xF3;n para las m&#xE1;quinas de soporte vectorial. A partir de estos par&#xE1;metros &#xF3;ptimos se realizaron pruebas de clasificaci&#xF3;n con todos los conjuntos de entrenamiento y se obtuvo un porcentaje de error de validaci&#xF3;n del 2.93% para una m&#xE1;quina de soporte vectorial con funci&#xF3;n n&#xFA;cleo de base radial, 11.72% con  un clasificador Bayesiano y 3.63% con un perceptr&#xF3;n multicapa. Con el fin de reducir el porcentaje de error de validaci&#xF3;n, se aplic&#xF3; la t&#xE9;cnica de an&#xE1;lisis por componentes principales para la selecci&#xF3;n efectiva de caracter&#xED;sticas y para reducir la dimensionalidad de los vectores de caracter&#xED;sticas de cada conjunto de entrenamiento. Las m&#xE1;quinas de soporte vectorial evaluadas con estos nuevos conjuntos de entrenamiento, fueron m&#xE1;s consistentes y presentaron siempre un porcentaje de error de validaci&#xF3;n menor, logrando un porcentaje de error de validaci&#xF3;n del 1.93%, el clasificador Bayesiano mejor&#xF3; sustancialmente su capacidad de clasificaci&#xF3;n en la mayor&#xED;a de casos, mientras que el perceptr&#xF3;n multicapa no fue muy susceptible a la selecci&#xF3;n efectiva de caracter&#xED;sticas y en algunos casos mejor&#xF3; y en otros no.</subfield>
  </datafield>
  <datafield tag="650" ind1=" " ind2="7">
    <subfield code="a">Arritmias card&#xED;acas</subfield>
    <subfield code="2">dcs</subfield>
    <subfield code="9">18705</subfield>
  </datafield>
  <datafield tag="650" ind1=" " ind2="7">
    <subfield code="a">Electrocardiograf&#xED;a</subfield>
    <subfield code="2">dcs</subfield>
    <subfield code="9">288</subfield>
  </datafield>
  <datafield tag="650" ind1=" " ind2=" ">
    <subfield code="a">M&#xE1;quinas de soporte vectorial</subfield>
    <subfield code="9">129239</subfield>
  </datafield>
  <datafield tag="650" ind1=" " ind2=" ">
    <subfield code="a">Transformada de Wavelet</subfield>
    <subfield code="9">32986</subfield>
  </datafield>
  <datafield tag="650" ind1=" " ind2=" ">
    <subfield code="a">MLP (Red perceptron multicapa)</subfield>
    <subfield code="9">74000</subfield>
  </datafield>
  <datafield tag="700" ind1="1" ind2="0">
    <subfield code="a">Orozco Naranjo, Alejandro Jos&#xE9;</subfield>
    <subfield code="4">aut</subfield>
    <subfield code="e">aut</subfield>
    <subfield code="9">667264</subfield>
  </datafield>
  <datafield tag="700" ind1="1" ind2="0">
    <subfield code="a">Mu&#xF1;oz Guti&#xE9;rrez, Pablo Andr&#xE9;s</subfield>
    <subfield code="4">aut</subfield>
    <subfield code="e">aut</subfield>
    <subfield code="9">595891</subfield>
  </datafield>
  <datafield tag="700" ind1="1" ind2="0">
    <subfield code="a">Murillo Wills, H&#xE9;ctor</subfield>
    <subfield code="4">aut</subfield>
    <subfield code="e">aut</subfield>
    <subfield code="9">788862</subfield>
  </datafield>
  <datafield tag="700" ind1="1" ind2="0">
    <subfield code="a">Granada, Javier Alejandro</subfield>
    <subfield code="4">aut</subfield>
    <subfield code="e">aut</subfield>
    <subfield code="9">788796</subfield>
  </datafield>
  <datafield tag="773" ind1="0" ind2=" ">
    <subfield code="t">Revista de Investigaciones (Armenia)</subfield>
    <subfield code="g">N&#xFA;mero 19, Enero-Diciembre de 2009, 104-114</subfield>
    <subfield code="w">742376</subfield>
    <subfield code="z">1794631X</subfield>
    <subfield code="0">245880</subfield>
  </datafield>
  <datafield tag="942" ind1=" " ind2=" ">
    <subfield code="c">ARIMP</subfield>
  </datafield>
  <datafield tag="999" ind1=" " ind2=" ">
    <subfield code="c">806426</subfield>
    <subfield code="d">806426</subfield>
  </datafield>
</record>
